Collocations de la couleur blanche au sein du Corpus Araneum Francogallicum Maximum
Saved in:
| Main Author: | |
|---|---|
| Format: | Book Chapter |
| Language: | French |
| Subjects: | |
| Tags: |
No Tags, Be the first to tag this record!
|
MARC
| LEADER | 00000naa$a2200000$$$4500 | ||
|---|---|---|---|
| 001 | 0306358 | ||
| 005 | 20250121120157.7 | ||
| 041 | 0 | |a fre | |
| 044 | |a RO | ||
| 245 | 1 | 0 | |a Collocations de la couleur blanche au sein du Corpus Araneum Francogallicum Maximum |c Martin Růžička |
| 610 | 2 | 0 | |a jazykoveda |
| 610 | 2 | 0 | |a francúzština |
| 610 | 2 | 0 | |a filológia |
| 100 | 1 | |a Růžička, Martin, 1987- | |